|
|
|
|
| LEADER |
00000nam0a2200000 4500 |
| 001 |
305228 |
| 005 |
20231102001759.0 |
| 035 |
|
|
|a (RuTPU)RU\TPU\book\330494
|
| 090 |
|
|
|a 305228
|
| 100 |
|
|
|a 20150924d1977 k y0rusy50 ca
|
| 101 |
0 |
|
|a rus
|
| 102 |
|
|
|a RU
|
| 105 |
|
|
|a a z 001zd
|
| 200 |
1 |
|
|a Энергетики Кузбасса
|e [монография]
|f В. В. Алексеев, А. С. Бондаренко
|g Академия наук СССР (АН СССР), Сибирское отделение (СО), Институт истории, филологии и философии ; отв. ред. З. Г. Карпенко
|
| 210 |
|
|
|a Новосибирск
|c Наука
|d 1977
|
| 215 |
|
|
|a 224 с.
|c ил.
|
| 320 |
|
|
|a Имен. указ.: с. 219-223.
|
| 606 |
1 |
|
|a Энергетика
|2 stltpush
|3 (RuTPU)RU\TPU\subj\21200
|9 46224
|
| 610 |
1 |
|
|a Кузнецкий угольный бассейн
|
| 610 |
1 |
|
|a электрификация
|
| 610 |
1 |
|
|a кадры
|
| 610 |
1 |
|
|a Кузбасс
|
| 610 |
1 |
|
|a персоналии
|
| 675 |
|
|
|a 620.9
|v 4
|
| 700 |
|
1 |
|a Алексеев
|b В. В.
|
| 701 |
|
1 |
|a Бондаренко
|b А. С.
|
| 702 |
|
1 |
|a Карпенко
|b З. Г.
|4 340
|
| 712 |
0 |
2 |
|a Академия наук СССР (АН СССР)
|b Сибирское отделение (СО)
|b Институт истории, филологии и философии
|c (Новосибирск)
|2 stltpush
|3 (RuTPU)RU\TPU\col\11501
|
| 801 |
|
1 |
|a RU
|b 63413507
|c 20150924
|
| 801 |
|
2 |
|a RU
|b 63413507
|c 20211208
|g RCR
|
| 942 |
|
|
|c BK
|